ბათუმის შოთა რუსთაველის სახელმწიფო უნივერსიტეტის ბიბლიოთეკა

Биометрия (ბიბ.ჩანაწერი № 35110)

000 -LEADER
fixed length control field 00526nam a2200217Ia 4500
001 - CONTROL NUMBER
control field 951
003 - CONTROL NUMBER IDENTIFIER
control field GE_BSU
008 - FIXED-LENGTH DATA ELEMENTS--GENERAL INFORMATION
fixed length control field 181216s||||||||xx |||||||||||||| ||und||
040 ## - CATALOGING SOURCE
Transcribing agency GE_BSU
080 ## - UNIVERSAL DECIMAL CLASSIFICATION NUMBER
Universal Decimal Classification number 57(075.8)
100 ## - MAIN ENTRY--PERSONAL NAME
Personal name Лакин,Г.Ф.
245 ## - TITLE STATEMENT
Title Биометрия
245 ## - TITLE STATEMENT
Remainder of title Уч-к для студ.ун-тов и пед. ин-тов
260 ## - PUBLICATION, DISTRIBUTION, ETC.
Place of publication, distribution, etc. Москва
260 ## - PUBLICATION, DISTRIBUTION, ETC.
Name of publisher, distributor, etc. Высш. школа
260 ## - PUBLICATION, DISTRIBUTION, ETC.
Date of publication, distribution, etc. 1973
300 ## - PHYSICAL DESCRIPTION
Extent 344стр.
653 ## - INDEX TERM--UNCONTROLLED
Uncontrolled term Биометрия
942 ## - ADDED ENTRY ELEMENTS (KOHA)
Koha item type წიგნი
ეგზემპლარები
Withdrawn status Lost status Damaged status Not for loan Date acquired Barcode Date last seen Price effective from Koha item type
        2018-12-17 1976 2018-12-17 2018-12-17 წიგნი